Loading...
| Literature - American Literature | 0 | 4 | 0 | 2 | 40 | 107 | 126.75 | 0 | 1 |
| Science - Physics | 0 | 5 | 2 | 0 | 40 | 52 | 77.40 | 2 | 4 |
| Science - Chemistry | 0 | 5 | 2 | 1 | 40 | 41 | 73.80 | 2 | 4 |
| Literature - European Literature | 0 | 3 | 0 | 0 | 30 | 108 | 115.67 | 0 | 0 |
| Science - Biology | 0 | 3 | 2 | 0 | 20 | 65 | 80.67 | 1 | 3 |
| Mythology | 0 | 2 | 1 | 0 | 15 | 41 | 47.00 | 0 | 2 |
| Science - Other Science | 0 | 2 | 1 | 0 | 15 | 52 | 73.50 | 0 | 1 |
| Philosophy | 0 | 1 | 0 | 0 | 10 | 102 | 102.00 | 0 | 1 |
| History - World History | 0 | 1 | 0 | 0 | 10 | 72 | 72.00 | 0 | 0 |
| Fine Arts - Classical Music | 0 | 1 | 0 | 1 | 10 | 122 | 122.00 | 0 | 0 |
| Literature - World/Other Literature | 0 | 2 | 2 | 0 | 10 | 71 | 93.50 | 0 | 1 |
| Literature - British Literature | 0 | 1 | 1 | 0 | 5 | 49 | 49.00 | 1 | 1 |
| Geography/Current Events | 0 | 0 | 1 | 0 | -5 | 0.00 | 0 | 0 | |
| History - American History | 0 | 0 | 1 | 0 | -5 | 0.00 | 0 | 0 | |
| Fine Arts - Other Fine Arts | 0 | 0 | 1 | 0 | -5 | 0.00 | 0 | 0 |